000 00249nam a2200097Ia 4500
001 699498
005 20250826162112.0
008 250824s9999 xx 000 0 und d
245 0 _aYARIN YAPAYALNIZ/S.İLERİ/EVEREST
_cSELİM İLERİ
260 _bEVEREST
999 _c699498
_d699498